| 000 | 00559nam a2200193Ia 4500 | ||
|---|---|---|---|
| 008 | 220216s9999 xx 000 0 und d | ||
| 100 | _aLi Gui-Yang | ||
| 245 | 0 | _aFTIR mapping: Polymer swelling and solvent segregation in benzene/cyclohexane-Polyisoprene rubber system | |
| 260 |
_bJournal of Elastomers and Plastics _c2004 |
||
| 300 | _a33-44 | ||
| 650 | _aBenzene | ||
| 650 | _aCyclohexane | ||
| 650 | _aNatural rubber | ||
| 650 | _aSolven diffusion | ||
| 650 | _aSolvent segregation | ||
| 650 | _aSwelling | ||
| 700 | _aKoenig J L | ||
| 942 | _cJS | ||
| 999 |
_c59611 _d59611 |
||